| 000 | 01498nam0a22003251 4500 | ||
|---|---|---|---|
| 001 | rc\4705453 | ||
| 005 | 20150915120644.0 | ||
| 021 |
_aRU _b[68-89512] |
||
| 035 | _a(NLR Aleph) 008720953 | ||
| 090 |
_a9417449 _c9417449 |
||
| 100 | _a20130416d1968 |||y0rusy50 ca | ||
| 101 | 0 | _arus | |
| 102 | _aRU | ||
| 105 | _aa z ||||| | ||
| 200 | 1 |
_aСтроительные конструкции с применением пластмасс _eПримеры проектирования и расчета _e[Учеб. пособие для инж.-строит. вузов и фак.] _fПод ред. д-ра техн. наук проф. А.М. Иванова |
|
| 210 |
_aМосква _cВысш. школа _d1968 |
||
| 215 |
_a220 с. _cил. _d22 |
||
| 300 | _aПеред загл. авт.: А.М. Иванов, К.Я. Алгазинов, Д.В. Мартинец, В.И. Мартемьянов | ||
| 320 | _aБиблиогр.: с. 218 (21 назв.) | ||
| 606 |
_aСтроительные конструкции, пластмассовые _jУчебники и пособия _2psbo |
||
| 701 | 1 |
_aМартинец _bД. В. |
|
| 701 | 1 |
_aМартемьянов _bВ. И. |
|
| 701 | 1 |
_aАлгазинов _bК. Я. |
|
| 701 | 1 |
_aИванов _bА. М. _cд-р техн. наук _f1914-1999 _gАлександр Матвеевич _3RU\NLR\AUTH\770148926 _4340 |
|
| 801 | 0 |
_aRU _bNLR _gpsbo |
|
| 801 | 1 |
_aRU _bELAR _2rusmarc |
|
| 852 |
_aNLR _j68-5/5457 |
||
| 942 | _cBOOK | ||
| 980 | _aNB | ||